Manual de bioquímica / (Record no. 39321)

MARC details
000 -LEADER
campo de control de longitud fija 00502nam a2200157 i 4500
001 - NÚMERO DE CONTROL
campo de control 39321
003 - IDENTIFICADOR DE NÚMERO DE CONTROL
campo de control ES-MaACL
007 - CAMPO FIJO DE DESCRIPCIÓN FÍSICA--INFORMACIÓN GENERAL
campo de control de longitud fija t|
008 - DATOS DE LONGITUD FIJA--INFORMACIÓN GENERAL
campo de control de longitud fija 030227s1932 sp ||||1| spa d
100 1# - ENTRADA PRINCIPAL--NOMBRE DE PERSONA
Nombre de persona Camerón, A. T.
9 (RLIN) 34059
245 10 - MENCIÓN DEL TÍTULO
Título Manual de bioquímica /
Mención de responsabilidad, etc. por A.T. Camerón ; traducción directa de la 2ª edición inglesa por Santiago Pi Suñer.
260 ## - PUBLICACIÓN, DISTRIBUCIÓN, ETC.
Lugar de publicación, distribución, etc. Barcelona :
Nombre del editor, distribuidor, etc. [s.n.,
Fecha de publicación, distribución, etc. 1932] (
Fabricante Clarasó)
300 ## - DESCRIPCIÓN FÍSICA
Extensión 486 p. ;
Dimensiones 19 cm.
700 1# - ENTRADA AGREGADA--NOMBRE PERSONAL
Nombre de persona Pi Suñer, Santiago.
9 (RLIN) 91728
852 ## - LOCALIZACIÓN
Ubicación ES-MaACL
Número de control de estantería E-247
Holdings
Estatus retirado Estado de pérdida Estado de daño No para préstamo Biblioteca de origen Biblioteca actual Ubicación en estantería Fecha de adquisición Fuente de adquisición Total de préstamos Signatura topográfica completa Código de barras Visto por última vez Precio de reemplazo Tipo de ítem Koha
        Biblioteca del Ateneo de Madrid Biblioteca del Ateneo de Madrid Depósito 2 17/01/2008     E-247 1041409 23/02/2023 23/02/2023 Libro impreso